| 000 | 00572nam a2200193 a 4500 | ||
|---|---|---|---|
| 005 | 20240410063706.0 | ||
| 008 | 991125s1927 mx 000 0 spa u | ||
| 035 | _aUPN01000012181 | ||
| 049 | _aCG | ||
| 050 | 4 |
_aE713 _bB5.2 |
|
| 100 | 1 | _aBlanco Fombona, Horacio | |
| 245 | 1 | 0 |
_aCrímenes del imperialismo norteamericano / _cpor Horacio Blanco Fombona |
| 260 |
_aMéxico : _bChurubusco, _c1927. |
||
| 300 | _a144 p. | ||
| 500 | _aDatos tomados de la cubierta | ||
| 650 | 4 |
_aDELITOS POLITICOS - _zESTADOS UNIDOS _912534 |
|
| 650 | 4 |
_aImperialismo _99887 |
|
| 905 | _aLibro | ||
| 999 |
_c12181 _d12181 |
||